Harry Potter quiz #1 - Statistics

General Stats
  • This quiz has been taken 43 times
  • The average score is 5 of 5
Answer Stats
Question Answer % Correct
What is the first name of Lupin Remus
100%
Who is the half-blood prince ? Severus Snape
95%
How much books are they? 7
87%
In Harry Potter and the Half-Blood Prince, what is Severus Snape 's subject Defense Against the Dark Arts
87%
On Harry's first year, how much points does Neville win at the crowning session ? 10
84%
No matching quizzes found
Score Distribution
Percent of People with Each Score
Percentile by Number Answered
Your Score History
You have not taken this quiz